000 00462nam a2200181Ia 4500
003 GCL
008 140319s9999 xx 000 0 eng d
040 _aGCL /
_cGCL
082 0 4 _aCC
_b932
_bS H
100 1 _aSMITH, HARRIET
245 1 0 _aHOLIDAY IN ANCIENT EGYPT /
_cSMITH, HARRIET
260 _a[S.N] :
_bCHICAGS NATURAL HISTORY MUSEUM ،
_c1960
300 _a18 P
650 0 4 _aANCIENT EGYPT
650 0 4 _aHISTORY
650 0 4 _aHOLIDAY
942 _2ddc
_cBK
999 _c25604
_d25604